| 000 | 00947nam a2200277 i 4500 | ||
|---|---|---|---|
| 001 | 12380 | ||
| 003 | ES-MaACL | ||
| 005 | 20230906150312.0 | ||
| 007 | t| | ||
| 008 | 930119s1990 sp ||||0| spa d | ||
| 016 | 7 | _zSIC92021217 | |
| 020 | _a84-87137-90-3 | ||
| 040 |
_aSIC _bspa _cSIC |
||
| 080 | _a860(649)-34"18"(082.2) | ||
| 100 | 1 |
_aMillares Cubas, Luis. _981180 |
|
| 245 | 1 | 0 |
_aAntología de cuentos de la tierra canaria / _cLuis y Agustín Millares Cubas. |
| 260 |
_a[Santa Cruz de Tenerife] : _bViceconsejería de cultura y Deportes, _c1990. |
||
| 300 |
_a242 p ; _c21 cm. |
||
| 490 | 1 |
_aBiblioteca básica canaria ; _v14 |
|
| 650 | 4 |
_aCuentos españoles- _zCanarias- _yS.XIX. _911484 |
|
| 700 | 1 |
_aMillares Cubas, Agustín. _981179 |
|
| 710 | 1 |
_aCanarias. _bViceconsejería de Cultura y Deportes. _92427 |
|
| 830 | 0 |
_aBiblioteca básica canaria ; _v14 _9177611 |
|
| 852 |
_aES-MaACL _jL-19759 _bR.122362 |
||
| 999 |
_c12380 _d12380 |
||